Names of Football/Soccer Clubs - Statistics

General Stats
  • This quiz has been taken 16 times
  • The average score is 5 of 15
Answer Stats
Named after Answer % Correct
An Austrian energy drink Red Bull Salzburg
87%
Arms storage Arsenal (London)
53%
Greek mythological hero Ajax Amsterdam
40%
Latin word for 'youth' Juventus Turin
40%
International sporting event Olympiacos Piraeus
40%
City in ancient Greece Sparta Prague
40%
Pharmaceutical company Bayer Leverkusen
33%
Great Exhibition of 1851 structure Crystal Palace (London)
33%
Portuguese word for 'Flemish' Flamengo (Rio de Janeiro)
27%
Group of Insects Grasshopper Zurich
20%
Rail vehicle Lokomotiv Moscow
20%
The universe New York Cosmos*
20%
Land of the Slavs Slavia Prague
20%
Greek mythological heroine Atalanta Bergamo
13%
Law enforcement Glasgow Rangers
7%
No matching quizzes found
Score Distribution
Percent of People with Each Score
Percentile by Number Answered
Your Score History
You have not taken this quiz